Movies Quiz

Random Movies or War Quiz

Kiss, Love, Kill, War Movies Quiz Stats

 Plays Quiz Updated Feb 23, 2020

Support Sporcle.
Go Orange.
Score 0/20 Timer 04:00
0 Plays Today
Question Answer Wrong Answers
____ Actually (2003)
Hugh Grant, Liam Neeson
Love
96.3%
Kiss
0.3%
Kill
0.4%
War
0.4%
Crazy, Stupid, ____ (2011)
Steve Carell, Julianne Moore
Love
96%
Kiss
0.5%
Kill
0.2%
War
0.9%
____ Horse (2011)
Jeremy Irvine, Emily Watson
War
95.4%
Kiss
0.4%
Love
1.2%
Kill
0.6%
Licence to ____ (1989)
Timothy Dalton, Carey Lowell
Kill
95.2%
Kiss
1.4%
Love
0.8%
War
0.3%
Dressed to ____ (1980)
Michael Caine, Angie Dickinson
Kill
94.4%
Kiss
2%
Love
0.8%
War
0.3%
____ & Other Drugs (2010)
Jake Gyllenhaal, Anne Hathaway
Love
93.8%
Kiss
0.5%
Kill
0.3%
War
2.9%
This Means ____ (2012)
Reese Witherspoon, Chris Pine
War
93.8%
Kiss
0.3%
Love
3.1%
Kill
0.3%
____ Dogs (2016)
Jonah Hill, Miles Teller
War
92.8%
Kiss
0.3%
Love
2.8%
Kill
1.7%
Eat Pray ____ (2010)
Julia Roberts, Javier Bardem
Love
91.6%
Kiss
1.1%
Kill
4.5%
War
0.4%
____ the Messenger (2014)
Jeremy Renner, Robert Patrick
Kill
89.2%
Kiss
6.8%
Love
1.2%
War
0.4%
____ ____ Bang Bang (2005)
Robert Downey Jr., Val Kilmer
Kiss
89.1%
Love
1.4%
Kill
6.2%
War
0.8%
____ Me Kate (1953)
Kathryn Grayson, Howard Keel
Kiss
88.9%
Love
6.1%
Kill
2.4%
War
0.1%
Charlie Wilson's ____ (2007)
Tom Hanks, Julia Roberts
War
88.7%
Kiss
4.3%
Love
3.8%
Kill
0.5%
The ____ of the Roses (1989)
Michael Douglas, Kathleen Turner
War
87.9%
Kiss
7.2%
Love
2%
Kill
0.3%
____ the Girls (1997)
Morgan Freeman, Ashley Judd
Kiss
87.7%
Love
4.2%
Kill
5.1%
War
0.4%
____ of the Spider Woman (1985)
William Hurt, Raul Julia
Kiss
86.9%
Love
4.4%
Kill
1.3%
War
4.9%
____ in the Afternoon (1957)
Gary Cooper, Audrey Hepburn
Love
84.9%
Kiss
6.6%
Kill
1.5%
War
4.4%
Hard to ____ (1990)
Steven Seagal, Kelly LeBrock
Kill
81.4%
Kiss
1.5%
Love
14.3%
War
0.2%
Faster, Pussycat! ____! ____! (1965)
Tura Satana, Haji
Kill
77.1%
Kiss
16.8%
Love
2.4%
War
1.1%
Prelude to a ____ (1992)
Meg Ryan, Alec Baldwin
Kiss
75.2%
Love
2%
Kill
8%
War
12.2%

From the Vault

Nicknames Kings and Queens

by Flick

History 4m
'The Crouchback' doesn't sound all that flattering to us.
Remove Ads.
Support Sporcle.
Get the best of Sporcle when you Go Orange. This ad-free experience offers more features, more stats, and more fun while also helping to support Sporcle. Thank you for becoming a member.

Show Comments

Extras

Top Quizzes Today


Score Distribution

Your Account Isn't Verified!

In order to create a playlist on Sporcle, you need to verify the email address you used during registration. Go to your Sporcle Settings to finish the process.

Report this User

Report this user for behavior that violates our Community Guidelines.

Details: